00562nam a2200157 i 450000100060000000300090000600700030001500800410001810000320005924500720009126000500016330000220021385200310023599900170026695201210028361120ES-MaACLt|031110s1972 sp ||||1| baq d1 aEtchamendy, Mañex.94826810aPiarres Lafitte b: bertsularia (1873-1960) / cMañex Etchamendy. a[San Sebastián : bs.n.], c1972 (fIzarra) a247 p. ; c18 cm. aES-MaACLjE-5031 bR.81921 c61120d61120 00104070aATENEOMbATENEOMcDEPO2d2008-01-17eSCl0oE-5031p1064093r2023-02-23 00:00:00w2023-02-23yMONOGRAFIA